| 000 | 00651cam a2200229 a 4500 | ||
|---|---|---|---|
| 001 | 000008095 | ||
| 005 | 20200929154430.0 | ||
| 008 | 930611s1991 sp 001 f spa d | ||
| 020 | _a8439717318 | ||
| 040 |
_aDO-SdBNP _dBNPHU |
||
| 042 | _alccopycat | ||
| 082 |
_a863.64 _bM473r |
||
| 100 | 1 |
_aMayoral, Marina, _d1942. _922000 |
|
| 245 | 1 | 3 |
_aEl reloj de la torre / _cMarina Mayoral. |
| 260 |
_aMadrid : _bMondadori, _cc1991. |
||
| 300 |
_a87 p. ; _c20 cm. |
||
| 490 | 1 | _aNarrativa Mondadori | |
| 650 | 4 |
_aNovela española _91123 |
|
| 650 | 4 |
_aLiteratura española _9632 |
|
| 830 | 0 |
_aNarrativa Mondadori _921246 |
|
| 910 | _aCatalogación derivada | ||
| 999 |
_c7872 _d7872 |
||